000 00223nam a22000857a 4500
008 160915b xxu||||| |||| 00| 0 eng d
100 _9498
_aSingh.D
245 _aMathematics-Lab X
260 _aNew Delhi
_bDhanpat Publications
_c2012
999 _c3155
_d3155